<?xml version="1.0" encoding="UTF-8"?>
<collection xmlns="http://www.loc.gov/MARC21/slim">
 <record>
  <leader>05569nam a22005775i 4500</leader>
  <controlfield tag="001">978-3-662-46800-5</controlfield>
  <controlfield tag="003">DE-He213</controlfield>
  <controlfield tag="005">20210624165214.0</controlfield>
  <controlfield tag="007">cr nn 008mamaa</controlfield>
  <controlfield tag="008">150413s2015    gw |    s    |||| 0|eng d</controlfield>
  <datafield tag="020" ind1=" " ind2=" ">
   <subfield code="a">9783662468005</subfield>
   <subfield code="9">978-3-662-46800-5</subfield>
  </datafield>
  <datafield tag="024" ind1="7" ind2=" ">
   <subfield code="a">10.1007/978-3-662-46800-5</subfield>
   <subfield code="2">doi</subfield>
  </datafield>
  <datafield tag="050" ind1=" " ind2="4">
   <subfield code="a">QA76.9.D335</subfield>
  </datafield>
  <datafield tag="072" ind1=" " ind2="7">
   <subfield code="a">GPJ</subfield>
   <subfield code="2">bicssc</subfield>
  </datafield>
  <datafield tag="072" ind1=" " ind2="7">
   <subfield code="a">COM053000</subfield>
   <subfield code="2">bisacsh</subfield>
  </datafield>
  <datafield tag="072" ind1=" " ind2="7">
   <subfield code="a">GPJ</subfield>
   <subfield code="2">thema</subfield>
  </datafield>
  <datafield tag="072" ind1=" " ind2="7">
   <subfield code="a">URY</subfield>
   <subfield code="2">thema</subfield>
  </datafield>
  <datafield tag="082" ind1="0" ind2="4">
   <subfield code="a">005.82</subfield>
   <subfield code="2">23</subfield>
  </datafield>
  <datafield tag="245" ind1="1" ind2="0">
   <subfield code="a">Advances in Cryptology – EUROCRYPT 2015</subfield>
   <subfield code="h">[electronic resource] :</subfield>
   <subfield code="b">34th Annual International Conference on the Theory and Applications of Cryptographic Techniques, Sofia, Bulgaria, April 26-30, 2015, Proceedings, Part I /</subfield>
   <subfield code="c">edited by Elisabeth Oswald, Marc Fischlin.</subfield>
  </datafield>
  <datafield tag="250" ind1=" " ind2=" ">
   <subfield code="a">1st ed. 2015.</subfield>
  </datafield>
  <datafield tag="264" ind1=" " ind2="1">
   <subfield code="a">Berlin, Heidelberg :</subfield>
   <subfield code="b">Springer Berlin Heidelberg :</subfield>
   <subfield code="b">Imprint: Springer,</subfield>
   <subfield code="c">2015.</subfield>
  </datafield>
  <datafield tag="300" ind1=" " ind2=" ">
   <subfield code="a">XVII, 818 p. 123 illus.</subfield>
   <subfield code="b">online resource.</subfield>
  </datafield>
  <datafield tag="336" ind1=" " ind2=" ">
   <subfield code="a">text</subfield>
   <subfield code="b">txt</subfield>
   <subfield code="2">rdacontent</subfield>
  </datafield>
  <datafield tag="337" ind1=" " ind2=" ">
   <subfield code="a">computer</subfield>
   <subfield code="b">c</subfield>
   <subfield code="2">rdamedia</subfield>
  </datafield>
  <datafield tag="338" ind1=" " ind2=" ">
   <subfield code="a">online resource</subfield>
   <subfield code="b">cr</subfield>
   <subfield code="2">rdacarrier</subfield>
  </datafield>
  <datafield tag="347" ind1=" " ind2=" ">
   <subfield code="a">text file</subfield>
   <subfield code="b">PDF</subfield>
   <subfield code="2">rda</subfield>
  </datafield>
  <datafield tag="490" ind1="1" ind2=" ">
   <subfield code="a">Security and Cryptology ;</subfield>
   <subfield code="v">9056</subfield>
  </datafield>
  <datafield tag="505" ind1="0" ind2=" ">
   <subfield code="a">Cryptanalysis of the Multilinear Map over the Integers -- Robust Authenticated-Encryption AEZ and the Problem That It Solves -- On the Behaviors of Affine Equivalent Sboxes Regarding Differential and Linear Attacks -- A Provable-Security Analysis of Intel’s Secure Key RNG -- A Formal Treatment of Backdoored Pseudorandom Generators -- Improving NFS for the Discrete Logarithm Problem in Non-prime Finite Fields -- The Multiple Number Field Sieve with Conjugation and Generalized -- Better Algorithms for LWE and LWR -- On Computing Nearest Neighbors with Applications to Decoding of Binary Linear Codes -- Cryptanalytic Time-Memory-Data Tradeoffs for FX-Constructions with Applications to PRINCE and PRIDE -- A Generic Approach to Invariant Subspace Attacks: Cryptanalysis of Robin, iSCREAM and Zorro -- Structural Evaluation by Generalized Integral Property -- Cryptanalysis of SP Networks with Partial Non-Linear Layers -- The Sum Can Be Weaker Than Each Part -- SPHINCS: Practical Stateless Hash-Based Signatures -- Making Masking Security Proofs Concrete: Or How to Evaluate the Security of Any Leaking Device -- Ciphers for MPC and FHE -- Verified Proofs of Higher-Order Masking -- Inner Product Masking Revisited -- Fully Homomophic Encryption over the Integers Revisited -- (Batch) Fully Homomorphic Encryption over Integers for Non-Binary Message Spaces  -- KDM-CCA Security from RKA Secure Authenticated Encryption -- On the Provable Security of the Iterated Even-Mansour Cipher Against Related-Key and Chosen-Key Attacks -- FHEW: Bootstrapping Homomorphic Encryption in Less Than a Second -- Bootstrapping for HElib -- More Efficient Oblivious Transfer Extensions with Security for Malicious Adversaries -- How to Efficiently Evaluate RAM Programs with Malicious Security -- Cube Attacks and Cube-Attack-Like Cryptanalysis on the Round-Reduced Keccak Sponge Function -- Twisted Polynomials and Forgery Attacks on GCM -- Quadratic Time, Linear Space Algorithms for Gram-Schmidt Orthogonalization and Gaussian Sampling in Structured Lattices.</subfield>
  </datafield>
  <datafield tag="520" ind1=" " ind2=" ">
   <subfield code="a">The two-volume proceedings LNCS 9056 + 9057 constitutes the proceedings of the 34th Annual International Conference on the Theory and Applications of Cryptographic Techniques, EUROCRYPT 2015, held in Sofia, Bulgaria, in April 2015. The 57 full papers included in these volumes were carefully reviewed and selected from 194 submissions. The papers are organized in topical sections named: honorable mentions, random number generators, number field sieve, algorithmic cryptanalysis, symmetric cryptanalysis, hash functions, evaluation implementation, masking, fully homomorphic encryption, related-key attacks, fully monomorphic encryption, efficient two-party protocols, symmetric cryptanalysis, lattices, signatures, zero-knowledge proofs, leakage-resilient cryptography, garbled circuits, crypto currencies, secret sharing, outsourcing computations, obfuscation and e-voting, multi-party computations, encryption, resistant protocols, key exchange, quantum cryptography, and discrete logarithms.</subfield>
  </datafield>
  <datafield tag="650" ind1=" " ind2="0">
   <subfield code="a">Data encryption (Computer science).</subfield>
  </datafield>
  <datafield tag="650" ind1=" " ind2="0">
   <subfield code="a">Algorithms.</subfield>
  </datafield>
  <datafield tag="650" ind1=" " ind2="0">
   <subfield code="a">Computer security.</subfield>
  </datafield>
  <datafield tag="650" ind1=" " ind2="0">
   <subfield code="a">Management information systems.</subfield>
  </datafield>
  <datafield tag="650" ind1=" " ind2="0">
   <subfield code="a">Computer science.</subfield>
  </datafield>
  <datafield tag="650" ind1="1" ind2="4">
   <subfield code="a">Cryptology.</subfield>
   <subfield code="0">https://scigraph.springernature.com/ontologies/product-market-codes/I28020</subfield>
  </datafield>
  <datafield tag="650" ind1="2" ind2="4">
   <subfield code="a">Algorithm Analysis and Problem Complexity.</subfield>
   <subfield code="0">https://scigraph.springernature.com/ontologies/product-market-codes/I16021</subfield>
  </datafield>
  <datafield tag="650" ind1="2" ind2="4">
   <subfield code="a">Systems and Data Security.</subfield>
   <subfield code="0">https://scigraph.springernature.com/ontologies/product-market-codes/I28060</subfield>
  </datafield>
  <datafield tag="650" ind1="2" ind2="4">
   <subfield code="a">Management of Computing and Information Systems.</subfield>
   <subfield code="0">https://scigraph.springernature.com/ontologies/product-market-codes/I24067</subfield>
  </datafield>
  <datafield tag="700" ind1="1" ind2=" ">
   <subfield code="a">Oswald, Elisabeth.</subfield>
   <subfield code="e">editor.</subfield>
   <subfield code="4">edt</subfield>
   <subfield code="4">http://id.loc.gov/vocabulary/relators/edt</subfield>
  </datafield>
  <datafield tag="700" ind1="1" ind2=" ">
   <subfield code="a">Fischlin, Marc.</subfield>
   <subfield code="e">editor.</subfield>
   <subfield code="4">edt</subfield>
   <subfield code="4">http://id.loc.gov/vocabulary/relators/edt</subfield>
  </datafield>
  <datafield tag="710" ind1="2" ind2=" ">
   <subfield code="a">SpringerLink (Online service)</subfield>
  </datafield>
  <datafield tag="773" ind1="0" ind2=" ">
   <subfield code="t">Springer Nature eBook</subfield>
  </datafield>
  <datafield tag="776" ind1="0" ind2="8">
   <subfield code="i">Printed edition:</subfield>
   <subfield code="z">9783662468012</subfield>
  </datafield>
  <datafield tag="776" ind1="0" ind2="8">
   <subfield code="i">Printed edition:</subfield>
   <subfield code="z">9783662467992</subfield>
  </datafield>
  <datafield tag="830" ind1=" " ind2="0">
   <subfield code="a">Security and Cryptology ;</subfield>
   <subfield code="v">9056</subfield>
  </datafield>
  <datafield tag="856" ind1="4" ind2="0">
   <subfield code="u">https://doi.org/10.1007/978-3-662-46800-5</subfield>
  </datafield>
  <datafield tag="912" ind1=" " ind2=" ">
   <subfield code="a">ZDB-2-SCS</subfield>
  </datafield>
  <datafield tag="912" ind1=" " ind2=" ">
   <subfield code="a">ZDB-2-SXCS</subfield>
  </datafield>
  <datafield tag="912" ind1=" " ind2=" ">
   <subfield code="a">ZDB-2-LNC</subfield>
  </datafield>
  <datafield tag="950" ind1=" " ind2=" ">
   <subfield code="a">Computer Science (SpringerNature-11645)</subfield>
  </datafield>
  <datafield tag="950" ind1=" " ind2=" ">
   <subfield code="a">Computer Science (R0) (SpringerNature-43710)</subfield>
  </datafield>
 </record>
</collection>
